| 000 | 01343nam a22003137a 4500 | ||
|---|---|---|---|
| 005 | 20170612110333.0 | ||
| 010 | _aBAC-EN21 ENG-111477 | ||
| 020 |
_a9780062328793 _c399.00 |
||
| 035 | _aEN-95009 | ||
| 035 | _aB-583528-553 | ||
| 035 | _aB-670034 | ||
| 037 |
_adpl _bPansy Books/Ven |
||
| 037 | _aDBAD/PUB | ||
| 082 | _a616.3 | ||
| 100 | _aJunger, Alejandro | ||
| 245 |
_aClean gut : _bthe breakthrough plan for eliminating the root cause of disease and revolutionizing your health/ _cby Alejandro Junger |
||
| 260 |
_aNoida _bHarper Collins Publishers _c2013 |
||
| 270 |
_a11.5/14 Abode Jenson Pro, _bNoida |
||
| 300 |
_a242p. : _c22cm(pbk) _bill. |
||
| 500 | _aIncludes bibliographical references (pages 215-225) and index. | ||
| 650 |
_aGastrointestinal system _xDiseases _vPopular works. |
||
| 650 |
_a Digestive organs _xDiseases _vPopular works. |
||
| 650 |
_aChronic diseases _xPrevention _vPopular works. |
||
| 650 | _a HEALTH & FITNESS / Diseases / Abdominal | ||
| 650 | _a MEDICAL / Holistic Medicine. | ||
| 942 |
_2ddc _cEN _mJUN _h616.3 |
||
| 999 |
_c89292 _d89292 |
||